000 02361cam a22005054i 4500
003 PE-LiUPU
005 20250731180115.0
008 150623s r 000 0 d
020 _a0201625652
035 _a(Sirsi) i9780201625653
040 _aPE-LiUPU
_bspa
_cPE-LiUPU
_erda
049 _aPRUA
082 0 4 _a530
_bA421995
_221
100 1 _aAlonso, Marcelo,
_eautor.
245 1 0 _aFísica /
_cMarcelo Alonso.
264 1 _aWilmington, Delaware, USA :
_bAddison-Wesley Iberoamericana,
_c1995.
300 _a969 páginas :
_bilustraciones, cuadros, gráficos ;
_c26 centímetros
336 _atext
_2rdacontent
337 _aunmediated
_2rdamedia
338 _avolume
_2rdacarrier
504 _aIncluye bibliografía.
505 0 _aEstructura de la materia. -Mediciones y unidades. -Movimiento rectilíneo. -Movimiento curvilíneo. -Movimiento circular. -Fuerza y momentum. -Aplicaciones de las leyes del movimiento. -Torque y momentum angular. -Trabajo y energía. -Movimiento oscilatorio. -Interacción gravitatoria. -Exploración del espacio. -Sistemas de partículas: momentum angular y lineal. -Sistemas de partículas: energía. -Gases. -Termodinámica. -Mecánica estadística. -Fenómenos de transporte. -La teoría de la relatividad. -Procesos de alta energía. -Interacción eléctrica. -Interacción magnética. -Estructura eléctrica de la materia. -Corrientes eléctricas y campos eléctricos, y campos magnéticos. -El campo eléctrico. -El campo magnético. -El campo electromagnético: leyes, aplicación a circuitos eléctricos. -Movimiento ondulatorio. -Ondas electromagnéticas. -Interacción de la radiación electromagnética con la materia: fotones..
526 _aSEG44
526 _aSEG26
526 _aP159
526 _aP155
526 _aP154
526 _aP153
526 _aP150
526 _aP100
526 _aP31
526 _aP30
526 _aP26
526 _aP25
526 _aP24
526 _aP22
526 _aP15
526 _aP10
650 0 4 _aFísica
_xIntroducciones.
700 1 _aFinn, Edward J.
942 _2ddc
_cBOOK
949 _a530 A42 1995
_wDEWEY
_c1
_i49167
_d2016-5-24
_e2016-5-24
_lCCODEBUL1
_mBUL
_n3
_r0
_sY
_tBOOK
_u2015-6-24
_xINGENIERIA
_zUNKNOWN
_0COMPRA
_o.STAFF. Colección General
999 _c28312
_d28312
980 _81
_gALBERTO SANCHEZ Responsable de Automatización